LEADER 01285nam a2200265 u 4500 001 000000040455 003 CaOOAMICUS 005 20070226114114.0 008 980527s1936 it u000 u ita u 035 $a10796515 040 $aPUL(R)$bita 100 1 $aBertola, Arnaldo,$d1889-1965.$0(OLS)http://pul/name/9784 245 10$aSupplemento al Corso di Diritto coloniale :$bappunti delle lezioni del Chiar.mo prof. A. Bertola nell'anno 1935-36-XIV /$craccolti a cura degli studenti. 260 $aTorino :$bGiappichelli,$c1936. 300 $a32 p. ;$c24 cm 500 $aIn testa al front.: R. Universitā di Torino. 500 $aTesto dattiloscritto. 504 $aBibliografia a pič pagina. 650 4$aColonialismo$zItalia$xStoria.$0(OLS)http://pul/subject/32159 850 $aPUL 852 $aPUL$W1$xSL Diritto e Scienze Sociali 1$y4$m176 H 20(int.1)$j54987$nBK-PRI$b $qStampati$B54987$CPULBib$Z2$F54987 $H $81 941 1 $a8 961 $aINV: Sta con: Lezioni di diritto coloniale / Arnaldo Bertola. 996 $6245$aSupplemento al Corso di Diritto coloniale :$bappunti delle lezioni del Chiar.mo prof. A. Bertola nell'anno 1935-36-XIV$9(OLS)http://pul/title/54596 996 $6260$aTorino :$bGiappichelli$9(OLS)http://pul/publisher/48244 LEADER 01210nam a2200301 u 4500 001 000000057545 003 CaOOAMICUS 005 20070226120608.0 008 010511s1987 miu u000 u eng u 020 $a0226777103 035 $a10888307 040 $aPUL(R)$bita 100 1 $aStrauss, Leo,$d1899-1973.$0(OLS)http://pul/name/26684 245 10$aHistory of Political Philosophy /$ced. by Leo Strauss and Joseph Cropsey. 250 $a3rd ed. 260 $aChicago :$bThe University of Chicago Press,$c1987. 300 $axiv, 966 p. ;$c23 cm 500 $aContiene indici. 504 $aBibliografia in nota 650 4$aFilosofia politica.$0(OLS)http://pul/subject/155 700 1 $aCropsey, Joseph.$0(OLS)http://pul/name/30252 850 $aPUL 852 $aPUL$W1$xDP1 Altre Collocazioni$y17$mSenza collocazione$j12$nBK-PRI$b $qStampati$B75253$CPULBib$Z2$F75253 $H $81 941 1 $a8 960 $aFilosofia della politica$9155 996 $6020$a0226777103$9(OLS)http://pul/number/72708 996 $6245$aHistory of Political Philosophy$9(OLS)http://pul/title/77049 996 $6260$aChicago :$bThe University of Chicago Press$9(OLS)http://pul/publisher/57829